Statistics for Who is this KHH artist?

Click here to take the quiz!

General Stats

  • This quiz has been taken 134 times
  • The average score is 12 of 16

Answer Stats

Answer% Correct
Jay Park
98%
pH-1
92%
Simon Dominic
92%
ASH ISLAND
91%
BewhY
85%
The Quiett
83%
CHANGMO
80%
JUSTHIS
79%
Kid Milli
75%
Zion.T
75%
Leellamarz
70%
GIRIBOY
66%
Paloalto
57%
Huh!
54%
SUPERBEE
53%
Khundi Panda
27%

Score Distribution

Percentile by Number Answered

Percent of People with Each Score

Your Score History

You have not taken this quiz